| 000 | 00833cam a2200277 4500 | ||
|---|---|---|---|
| 001 | 33670 | ||
| 003 | BD-RJUL | ||
| 005 | 20211209052036.0 | ||
| 008 | 140510t1970 enkabj b 001 0 eng d | ||
| 020 | _a0710066430 | ||
| 035 | _a(BD-RjUL)33761 | ||
| 040 |
_aDLC _beng _cDLC _dBD-RjUL |
||
| 041 | _aeng | ||
| 082 | 0 | 4 |
_a305.80095496 _bCAL 1970 |
| 100 | 1 |
_aCaplan, Lionel. _9102227 |
|
| 245 | 1 | 0 |
_aLand and social change in east Nepal : _ba study of Hindu-tribal relations / _cLionel Caplan |
| 260 |
_aLondon : _bRoutledge & Kegan Paul, _c1970. |
||
| 300 |
_axvi, 224 p., [8] p. of plates : _bill. ; _c23 cm |
||
| 504 | _aIncludes index. | ||
| 504 | _aIncludes index | ||
| 650 | 0 |
_aHindus _zNepal _9102228 |
|
| 650 | 0 |
_aLimbus (Asian people) _9102229 |
|
| 942 |
_2ddc _cBK |
||
| 999 |
_c33670 _d33670 |
||